000 00461nam a2200157 i 4500
001 49062
003 ES-MaACL
007 t|
008 030707s1912 sp ||||1| spa d
100 1 _aCorral y Maestro, León de.
_940732
245 1 0 _aElementos de patología general /
_cpor León Corral y Maestro.
250 _a3ª ed.
260 _aValladolid :
_bAndrés Martín Sánchez,
_c1912.
300 _aXI, 1212 p. :
_bil. ;
_c22 cm.
852 _aES-MaACL
_jE-389
999 _c49062
_d49062